| 000 | 00922nam a2200289Ia 4500 | ||
|---|---|---|---|
| 003 | GCL | ||
| 008 | 140319s9999 xx 000 0 ara d | ||
| 040 |
_aGCL / _cGCL |
||
| 082 | 0 | 4 |
_aق _b962.6234 _bم ت |
| 100 | 1 | _aمحمد صالح ضرار | |
| 245 | 1 | 0 |
_aتاريخ سواكن والبحر الاحمر / _cمحمد صالح ضرار |
| 260 |
_a[S.N] : _bالدار السودانية للكتب ، _c1981 |
||
| 300 | _a277 ص | ||
| 490 | _a | ||
| 650 | 0 | 4 | _aتاريخ |
| 650 | 0 | 4 | _aالتجارة |
| 650 | 0 | 4 | _aالسودان |
| 650 | 0 | 4 | _aمصر القديمة |
| 650 | 0 | 4 | _aالقضاء |
| 650 | 0 | 4 | _aالاشراف |
| 650 | 0 | 4 | _aالبحر الاحمر |
| 650 | 0 | 4 | _aمصر - تاريخ - العصر الحديث - عصر محمد على ( 1805- 1849 م ) |
| 650 | 0 | 4 | _aالعصر الرومانتيكى |
| 650 | 0 | 4 | _aالخديوى اسماعيل |
| 650 | 0 | 4 | _aسواكن |
| 942 |
_2ddc _cBK |
||
| 999 |
_c37133 _d37133 |
||